000 01647nam a2200361Ia 4500
001 ebr10380554
003 CaPaEBR
006 m u
007 cr cn|||||||||
008 050728s2005 ne sb 101 0 eng d
020 _z9042016361
020 _z9042017562 (hd.bd.)
040 _aCaPaEBR
_cCaPaEBR
035 _a(OCoLC)70866544
050 1 4 _aE20
_b.H69 2003eb
245 0 0 _aHow far is America from here?
_h[electronic resource] :
_bselected proceedings of the first World Congress of the International American Studies Association, 22-24 May 2003 /
_cedited by Theo D'haen ... [et al.].
260 _aAmsterdam ;
_aNew York, NY :
_bRodopi,
_c2005.
300 _a636 p.
490 1 _aTextext ;
_v47
500 _aCongress held in Leiden, the Netherlands.
504 _aIncludes bibliographical references and index.
533 _aElectronic reproduction.
_bPalo Alto, Calif. :
_cebrary,
_d2010.
_nAvailable via World Wide Web.
_nAccess may be limited to ebrary affiliated libraries.
546 _aText in English, with quoted passages in Spanish, German, and Italian.
650 0 _aComparative literature
_vCongresses.
651 0 _aAmerica
_xCivilization
_vCongresses.
651 0 _aUnited States
_xStudy and teaching
_vCongresses.
655 7 _aElectronic books.
_2local
700 1 _aHaen, Theo d'.
710 2 _aInternational American Studies Association.
_bWorld Congress
_n(1st :
_d2003 :
_cLeiden, Netherlands)
710 2 _aebrary, Inc.
830 0 _aText (Rodopi (Firm)) ;
_v47.
856 4 0 _uhttp://site.ebrary.com/lib/rucke/Doc?id=10380554
_zAn electronic book accessible through the World Wide Web; click to view
999 _c102582
_d102582